Statistics for SNL Season 45 Lineup

Click here to take the quiz!

General Stats

  • This quiz has been taken 17 times
  • The average score is 12 of 17

Answer Stats

Answer% Correct
Cecily Strong
100%
Michael Che
100%
Colin Jost
92%
Kenan Thompson
92%
Aidy Bryant
85%
Kate McKinnon
85%
Bowen Yang
69%
Kyle Mooney
69%
Mikey Day
69%
Pete Davidson
69%
Alex Moffat
62%
Ego Nwodim
62%
Beck Bennett
54%
Chloe Fineman
54%
Chris Redd
54%
Heidi Gardner
54%
Melissa Villasenor
46%

Score Distribution

Percentile by Number Answered

Percent of People with Each Score

Your Score History

You have not taken this quiz